Culture générale - numéro 13 - Statistiques

Statistiques générales
  • Ce quiz a été pris 191 fois
  • Le résultat moyen est 8 sur 15
Statistiques - réponses
Question Réponse % Correct
Comment nomme t'on un angle supérieur à 90°? Obtus
83%
De quelle région roumaine est issue la légende de Dracula? la Transylvanie
75%
Qui a chanté Les Lacs du Connemara? Michel Sardou
74%
Quelle est la deuxième plus grande ville d'Israël? Tel-Aviv
67%
Dans quelle équipe Michael Jordan a t'il fait principalement carrière? Chicago Bulls
66%
Dans quelle ville a eu lieu une catastrophe nucléaire en 2011? Fukushima
66%
Quel rappeur est surnommé le Duc de Boulogne? Booba
60%
Quelle équipe, s'affranchissant des victoires parisiennes, est la seule à avoir remporté la ligue 1 depuis 2018? le LOSC
60%
Quel département de numéro 30 vient après le Finistère? le Gard
58%
Quel est le nom de la première brebis clonée? Dolly
49%
Quel petit poisson apprécié en cuisine peut aussi s'appeler magne ou pilchard? Sardine
39%
À quoi s'intéresse l'oologie? Aux oeufs
32%
Comment se nomme le robot dans Futurama? Bender
22%
Quelle était la monnaie des Pays-Bas avant l'euro? le Florin
19%
Quel gaz neurotoxique a été utilisé comme arme chimique par l'armée syrienne au 21ème siècle? le gaz Sarin
19%
Aucun quiz correspondant
Distribution des résultats
% des personnes avec chaque résultat
Percentile par nombre de réponses
Votre historique - résultats
Vous n’avez pas pris ce quiz